LEADER 04142nam 22006975 450 001 9910299058103321 005 20250513111801.0 010 $a3-642-55143-2 024 7 $a10.1007/978-3-642-55143-7 035 $a(CKB)3710000000106795 035 $a(DE-He213)978-3-642-55143-7 035 $a(SSID)ssj0001199747 035 $a(PQKBManifestationID)11690862 035 $a(PQKBTitleCode)TC0001199747 035 $a(PQKBWorkID)11205055 035 $a(PQKB)11586596 035 $a(MiAaPQ)EBC3093186 035 $a(PPN)178320862 035 $a(EXLCZ)993710000000106795 100 $a20140416d2014 u| 0 101 0 $aeng 135 $aurnn#008mamaa 181 $ctxt$2rdacontent 182 $cc$2rdamedia 183 $acr$2rdacarrier 200 10$aInnovative and Creative Developments in Multimodal Interaction Systems $e9th IFIP WG 5.5 International Summer Workshop on Multimodal Interfaces, eNTERFACE 2013, Lisbon, Portugal, July 15 - August 9, 2013, Proceedings /$fedited by Yves Rybarczyk, Tiago Cardoso, Joćo Rosas, Luis M. Camarinha-Matos 205 $a1st ed. 2014. 210 1$aBerlin, Heidelberg :$cSpringer Berlin Heidelberg :$cImprint: Springer,$d2014. 215 $a1 online resource (X, 229 p. 105 illus.) 225 1 $aIFIP Advances in Information and Communication Technology,$x1868-422X ;$v425 300 $aBibliographic Level Mode of Issuance: Monograph 311 08$a3-642-55142-4 327 $aBody Ownership of Virtual Avatars: An Affordance Approach of Tele presence -- Reactive Statistical Mapping: Towards the Sketching of Performative Control with Data -- Laugh When You?re Winning -- Tutoring Robots: Multiparty Multimodal Social Dialogue with an Embodied Tutor -- Touching Virtual Agents: Embodiment and Mind -- Kinect-Sign: Teaching Sign Language to ?Listeners? through a Game -- Hang in There: A Novel Body-Centric Interactive Playground -- KINterestTV: Towards Non-invasive Measure of User Interest While Watching TV -- Development of an Ecosystem for Ambient Assisted Living. 330 $aThis book contains the outcome of the 9th IFIP WG 5.5 International Summer Workshop on Multimodal Interfaces, eNTERFACE 2013, held in Lisbon, Portugal, in July/August 2013. The 9 papers included in this book represent the results of a 4-week workshop, where senior and junior researchers worked together on projects tackling new trends in human-machine interaction (HMI). The papers are organized in two topical sections. The first one presents different proposals focused on some fundamental issues regarding multimodal interactions, i.e., telepresence, speech synthesis and interactive modeling. The second is a set of development examples in key areas of HMI applications, i.e., education, entertainment and assistive technologies. 410 0$aIFIP Advances in Information and Communication Technology,$x1868-422X ;$v425 606 $aUser interfaces (Computer systems) 606 $aHuman-computer interaction 606 $aApplication software 606 $aArtificial intelligence 606 $aUser Interfaces and Human Computer Interaction 606 $aComputer and Information Systems Applications 606 $aArtificial Intelligence 615 0$aUser interfaces (Computer systems) 615 0$aHuman-computer interaction. 615 0$aApplication software. 615 0$aArtificial intelligence. 615 14$aUser Interfaces and Human Computer Interaction. 615 24$aComputer and Information Systems Applications. 615 24$aArtificial Intelligence. 676 $a005.438 702 $aRybarczyk$b Yves$4edt$4http://id.loc.gov/vocabulary/relators/edt 702 $aCardoso$b Tiago$4edt$4http://id.loc.gov/vocabulary/relators/edt 702 $aRosas$b Joćo$4edt$4http://id.loc.gov/vocabulary/relators/edt 702 $aCamarinha-Matos$b Luis M$4edt$4http://id.loc.gov/vocabulary/relators/edt 801 0$bMiAaPQ 801 1$bMiAaPQ 801 2$bMiAaPQ 906 $aBOOK 912 $a9910299058103321 996 $aInnovative and Creative Developments in Multimodal Interaction Systems$92124968 997 $aUNINA